000 00715nam a2200205Ia 4500
003 GCL
008 140319s9999 xx 000 0 ara d
020 _a6173010977
040 _aGCL /
_cGCL
082 0 4 _a646.1
_bز ا
100 1 _aزينب عبدالحفيظ فرغلى
245 1 0 _aالات ومعدات فى صناعة الملابس الجاهزة /
_cزينب عبدالحفيظ فرغلى
260 _aالقاهرة :
_bدار الفكر العربى ،
_c2003
300 _a132 ص ؛
_c24 سم
650 0 4 _aالحياكة
650 0 4 _aالالات الصناعية
650 0 4 _aالملابس - صناعة وتجارة
650 0 4 _aالالات - صناعة وتجارة
942 _2ddc
_cBK
999 _c50832
_d50832